Normes generals de treball escolar a les escoles d'ensenyament primari / Generalitat de Catalunya. Departament de Cultura
Descripción Física:
8 p. : a dues columnes ; 22 cm
Materias:
Ensenyament primari -- Catalunya
MARC
| LEADER | 00000nam a2200000Ia 4500 | ||
|---|---|---|---|
| 001 | 1166 | ||
| 008 | 160829s1938 xx 000 0 cat d | ||
| 080 | |a RF-4-48 | ||
| 245 | |a Normes generals de treball escolar a les escoles d'ensenyament primari / Generalitat de Catalunya. Departament de Cultura | ||
| 260 | |a Barcelona : |b (Imp. Casa d'Assistència President Macià), |c 1938 | ||
| 300 | |a 8 p. : |b a dues columnes ; |c 22 cm | ||
| 650 | |a Ensenyament primari |x Catalunya |9 33149 | ||
| 710 | 2 | |a Catalunya. |b Departament de Cultura |9 52819 | |
| 856 | 4 | |u https://media.diba.cat/diba/fitxers/arxiu/fulletons/bib_1166_1938_baixa.pdf |y Accés lliure | |
| 856 | 4 | |u https://media.diba.cat/diba/fitxers/arxiu/fulletons/bib_1166_1938_baixa.pdf |y Accés lliure | |
| 901 | |a Arxiu | ||
| 942 | |n 1 |2 udc | ||
| 952 | |0 0 |1 0 |4 0 |6 RF448 |7 1 |9 41579 |a Arxiu |b Arxiu |d 2016-12-01 |l 0 |o RF-4-48 |p 1166 |r 2016-12-01 00:00:00 |w 2016-12-01 |y ARXIU | ||
| 999 | |c 43469 |d 43469 | ||
| 900 | |a bib_1166_1938_baixa.pdf | ||